Практический курс устного последовательного перевода с иностранного языка на русский, Учебное пособие

Dettagli Bibliografici
Altri autori: А. И. Милостивая (220)
Riassunto:Книга находится в премиум-версии платформы «Русский как иностранный».
Пособие составлено в соответствии с ФГОС ВПО по специальности «Перевод и переводоведение» (специализация «Специальный перевод») и содержит тексты и упражнения, которые направлены на освоение основных практических навыков последовательного перевода и перевода с листа. Предназначено для студентов 3 курса.
Гарантированный срок размещения на платформе до 01.10.2029 (автопролонгация)
Pubblicazione: Ставрополь, Северо-Кавказский федеральный университет, 2016
Edizione:Практический курс устного последовательного перевода с иностранного языка на русский
Soggetti:
Accesso online:Перейти к просмотру издания
Natura: MixedMaterials Elettronico

MARC

LEADER 00000 a2200000 4500
001 RU/ROS-EDU.RU/66093
856 4 |u https://www.ros-edu.ru/book?id=66093  |z Перейти к просмотру издания 
010 |a 2227-8397 
205 |a Практический курс устного последовательного перевода с иностранного языка на русский  |b 2029-10-01 
333 |a Гарантированный срок размещения на платформе до 01.10.2029 (автопролонгация) 
100 |a 20160101d2016 |||y0rusy0250   |s 2029-10-01 
105 |a y z 000zy 
101 0 |a rus 
102 |a RU 
200 1 |a Практический курс устного последовательного перевода с иностранного языка на русский  |b Электронный ресурс  |e Учебное пособие  |f сост. А. И. Милостивая 
702 1 |b А. И.  |a Милостивая  |4 220 
330 |a Пособие составлено в соответствии с ФГОС ВПО по специальности «Перевод и переводоведение» (специализация «Специальный перевод») и содержит тексты и упражнения, которые направлены на освоение основных практических навыков последовательного перевода и перевода с листа. Предназначено для студентов 3 курса. 
210 |a Ставрополь  |c Северо-Кавказский федеральный университет  |d 2016 
610 1 |a иностранный язык 
610 1 |a немецкий язык 
610 1 |a русский язык 
610 1 |a устный перевод 
610 1 |a лексика 
675 |a 81 
686 |a 81.2  |2 rubbk 
300 |a Книга находится в премиум-версии платформы «Русский как иностранный». 
215 |a 177 с.